Spotifyn kuunnelluimmat artistit - Statistics

Yleistilastot
  • Tätä visaa on pelattu 218 kertaa
  • Keskiarvotulos 18 / 100
Vastaustilastot
Kansalaisuus Artisti % Oikein
USA Taylor Swift
68%
Barbados Rihanna
66%
Kanada Justin Bieber
62%
Kanada Drake
61%
Iso-Britannia Ed Sheeran
60%
USA Eminem
56%
Kolumbia Shakira
52%
USA Ariana Grande
46%
Kanada The Weeknd
46%
Iso-Britannia Adele
43%
USA Kanye West
43%
USA Lady Gaga
43%
USA Billie Eilish
41%
Etelä-Korea BTS
38%
Iso-Britannia Harry Styles
38%
USA Beyoncé
36%
Iso-Britannia Coldplay
36%
USA Nicki Minaj
36%
Iso-Britannia Queen
35%
USA Travis Scott
34%
Ruotsi Avicii
33%
Puerto Rico Bad Bunny
33%
USA Katy Perry
33%
Iso-Britannia The Beatles
32%
Iso-Britannia Dua Lipa
31%
USA Bruno Mars
30%
Iso-Britannia One Direction
30%
USA Kendrick Lamar
29%
USA Michael Jackson
29%
USA Pitbull
24%
USA Selena Gomez
24%
Australia Sia
21%
USA Post Malone
20%
USA Cardi B
19%
USA Imagine Dragons
18%
USA Miley Cyrus
18%
USA 21 Savage
17%
Ranska David Guetta
17%
USA Doja Cat
17%
USA JAY-Z
17%
USA Lana Del Rey
17%
USA Olivia Rodrigo
17%
Kanada Shawn Mendes
17%
USA XXXTENTACION
17%
USA Snoop Dogg
16%
USA Juice WRLD
15%
USA Maroon 5
15%
USA SZA
15%
USA Camilla Cabello
13%
USA Future
13%
USA Lil Wayne
13%
Iso-Britannia Calvin Harris
12%
USA ASAP Rocky
10%
Puerto Rico Daddy Yankee
10%
USA Metro Boomin
10%
Iso-Britannia Sam Smith
10%
USA Lil Baby
9%
USA Marshmello
9%
Kolumbia J Balvin
8%
USA J. Cole
8%
USA Lil Uzi Vert
8%
USA Tyga
8%
USA The Chainsmokers
7%
Iso-Britannia Arctic Monkeys
6%
USA Charlie Puth
6%
USA Demi Lovato
6%
USA Pop Smoke
6%
USA Wiz Khalifa
6%
USA Chris Brown
5%
USA DaBaby
5%
USA Gunna
5%
USA Twenty One Pilots
5%
USA Bebe Rexha
4%
USA Halsey
4%
USA Jason Derulo
4%
Kolumbia Karol G
4%
USA Khalid
4%
USA Linkin Park
4%
Kolumbia Maluma
4%
USA One Republic
4%
USA Tyler, The Creator
4%
USA Young Thug
4%
Kolumbia Feid
3%
USA Frank Ocean
3%
Norja Kygo
3%
USA Mac Miller
3%
USA Migos
3%
USA Red Hot Chili Peppers
3%
Puerto Rico Anuel AA
2%
USA Big Sean
1%
Puerto Rico Ozuna
1%
USA Quavo
1%
Puerto Rico Rauw Alejandro
1%
USA A Boogie Wit da Hoodie
0%
Puerto Rico Farruko
0%
Puerto Rico Myke Towers
0%
USA Nicky Jam
0%
Panama Sech
0%
USA Trippie Redd
0%
USA Ty Dolla Sign
0%
Ehtoja vastaavia visoja ei löytynyt
Tulosjakauma
Jokaisen tuloksen saaneiden osuus
Persentiili vastausten määrän mukaan
Tuloshistoriasi
Et ole pelannut tätä visaa